A dictionary of applied physics (Record no. 301)
[ view plain ]
| 000 -LEADER | |
|---|---|
| fixed length control field | 00653nam a2200205Ia 4500 |
| 003 - CONTROL NUMBER IDENTIFIER | |
| control field | IN-BaIIA |
| 005 - DATE AND TIME OF LATEST TRANSACTION | |
| control field | 20250702134617.0 |
| 008 - FIXED-LENGTH DATA ELEMENTS--GENERAL INFORMATION | |
| fixed length control field | 211028s9999 xx 000 0 eng d |
| 040 ## - CATALOGING SOURCE | |
| Transcribing agency | IIA Library |
| 080 ## - UNIVERSAL DECIMAL CLASSIFICATION NUMBER | |
| Universal Decimal Classification number | 038:53 |
| Item number | GLA |
| 245 #2 - TITLE STATEMENT | |
| Title | A dictionary of applied physics |
| Remainder of title | vol. I, mechanics, engineering, heat |
| Statement of responsibility, etc. | edited by Richard Glazebrook |
| 260 ## - PUBLICATION, DISTRIBUTION, ETC. | |
| Place of publication, distribution, etc. | London |
| Name of publisher, distributor, etc. | Macmillan |
| Date of publication, distribution, etc. | 1922 |
| 300 ## - PHYSICAL DESCRIPTION | |
| Extent | ix,1067p. |
| 650 ## - SUBJECT ADDED ENTRY--TOPICAL TERM | |
| Topical term or geographic name entry element | Applied Physics Dictionary |
| 9 (RLIN) | 597 |
| 650 ## - SUBJECT ADDED ENTRY--TOPICAL TERM | |
| Topical term or geographic name entry element | Astronomy and Astrophysics Thesaurus |
| 650 ## - SUBJECT ADDED ENTRY--TOPICAL TERM | |
| Topical term or geographic name entry element | Dictionaries-Applied Physics |
| 9 (RLIN) | 598 |
| 650 ## - SUBJECT ADDED ENTRY--TOPICAL TERM | |
| Topical term or geographic name entry element | Physics Dictionary |
| 9 (RLIN) | 599 |
| 700 ## - ADDED ENTRY--PERSONAL NAME | |
| Personal name | Glazebrook, Richard, ed. |
| 9 (RLIN) | 600 |
| 942 ## - ADDED ENTRY ELEMENTS (KOHA) | |
| Koha item type | Books |
| Source of classification or shelving scheme | Dewey Decimal Classification |
| Withdrawn status | Lost status | Source of classification or shelving scheme | Damaged status | Not for loan | Home library | Current library | Shelving location | Date acquired | Total Checkouts | Full call number | Barcode | Date last seen | Price effective from | Koha item type | Purchase Price |
|---|---|---|---|---|---|---|---|---|---|---|---|---|---|---|---|
| Dewey Decimal Classification | IIA Library-Bangalore | IIA Library-Kodaikanal | General Stacks | 038:53/ GLA | 290 | 05/11/2021 | Books |